The Canadian modern language review = La revue canadienne des langues vivantes.

Bibliographic Details
Corporate Author: Ontario Modern Language Teachers' Association
Format: Journal
Language:English
Multiple languages
Language Notes:Includes some text in French, German, Italian, Polish, Russian, Spanish and Ukrainian.
Published: Toronto : Ontario Modern Language Teachers' Association.
Subjects:
Online Availability: Check for online availability

MARC

Tag First Indicator Second Indicator Subfields
LEADER 00000cas a2200000 a 4500
001 in00001267310
005 20151004051435.0
008 741120c19449999oncqr4p o 0 a0eng d
010 |a  84647086   |z cn 84311378  
022 0 |a 0008-4506 
032 |a 008623  |b USPS 
035 |a (OCoLC)01080724 
035 |9 AGW6591AM 
040 |a DRB  |b eng  |c DRB  |d NLC  |d OCL  |d NLC  |d AIP  |d NLC  |d DLC  |d NST  |d AIP  |d NLC  |d AIP  |d DLC  |d NLC  |d FUG  |d NLC  |d NST  |d NSD  |d NST  |d NSD  |d UtOrBLW 
041 0 |a eng  |a mul 
042 |a lc  |a nlc  |a isds/c 
049 |a TXAE 
050 0 0 |a PB5  |b .C36 
055 0 1 |a PB5 
082 0 0 |a 410/.7  |2 19 
210 0 |a Can. mod. lang. rev. 
222 0 |a Canadian modern language review 
245 0 4 |a The Canadian modern language review =  |b La revue canadienne des langues vivantes. 
246 1 1 |a Revue canadienne des langues vivantes  |f Oct. 1975- 
246 3 1 |a La revue canadienne des langues vivantes. 
264 1 |a Toronto :  |b Ontario Modern Language Teachers' Association. 
300 |a volumes :  |b illustrations ;  |c 23 cm. 
310 |a Quarterly 
336 |a text  |b txt  |2 rdacontent 
337 |a unmediated  |b n  |2 rdamedia 
338 |a volume  |b nc  |2 rdacarrier 
362 1 |a Began with v.1, no. 1 (Sept. 1944) issue. 
500 |a Title from cover. 
500 |a Evans description based on: Volume 42, number 2 (Jan. 1989). 
500 |a Includes indexes. 
510 1 |a Canadian periodical index  |x 0008-4719 
510 1 |a Current index to journals in education  |x 0011-3565 
510 1 |a Education index  |x 0013-1385 
510 2 |a Canadian education index  |x 0008-3453 
510 2 |a Language teaching  |x 0261-4448 
510 2 |a LLBA, language and language behavior abstracts  |x 0023-8295 
510 2 |a MLA international bibliography of books and articles on the modern languages and literatures (Complete edition)  |x 0024-8215 
510 2 |a Sociological abstracts  |x 0038-0202 
530 |a Issued also on microform. 
546 |a Includes some text in French, German, Italian, Polish, Russian, Spanish and Ukrainian. 
650 0 |a Languages, Modern  |v Periodicals. 
650 0 |a Languages, Modern  |x Study and teaching  |v Periodicals. 
710 2 |a Ontario Modern Language Teachers' Association. 
776 1 |t Canadian modern language review  |x 0008-4506 
948 |a Inactive Gift from Dr. J. Harner  
999 |a MARS 
999 f f |s 9d6a0783-ec60-3a73-9a41-789a6144a600  |i 94a836b3-6d21-3db7-b3d7-b08227f8580a  |t 0 
952 f f |p serial  |a Texas A&M University  |b College Station  |c Sterling C. Evans Library  |d Evans: Library Stacks  |t 0  |e PB5 .C36  |h Library of Congress classification  |i unmediated -- volume  |k v.49:no.1  |l 1992:Oct.  |m A14828768938 
952 f f |p serial  |a Texas A&M University  |b College Station  |c Sterling C. Evans Library  |d Evans: Library Stacks  |t 0  |e PB5 .C36  |h Library of Congress classification  |i unmediated -- volume  |k v.47:no.5  |l 1991:Oct.  |m A14828768857 
952 f f |p serial  |a Texas A&M University  |b College Station  |c Sterling C. Evans Library  |d Evans: Library Stacks  |t 0  |e PB5 .C36  |h Library of Congress classification  |i unmediated -- volume  |k v.45:no.3-4  |l 1989:Mar.-May  |m A14819574940 
952 f f |p serial  |a Texas A&M University  |b College Station  |c Sterling C. Evans Library  |d Evans: Library Stacks  |t 0  |e PB5 .C36  |h Library of Congress classification  |i unmediated -- volume  |k v.45:no.2  |l 1989:Jan.  |m A14819503630 
952 f f |p serial  |a Texas A&M University  |b College Station  |c Sterling C. Evans Library  |d Evans: Library Stacks  |t 0  |e PB5 .C36  |h Library of Congress classification  |i unmediated -- volume  |k v.47:no.1-2  |l 1990:Oct.-1991:Jan.  |m A14819575043 
952 f f |p serial  |a Texas A&M University  |b College Station  |c Sterling C. Evans Library  |d Evans: Library Stacks  |t 0  |e PB5 .C36  |h Library of Congress classification  |i unmediated -- volume  |k v.48:no.3-4  |l 1992  |m A14820544380 
952 f f |p serial  |a Texas A&M University  |b College Station  |c Sterling C. Evans Library  |d Evans: Library Stacks  |t 0  |e PB5 .C36  |h Library of Congress classification  |i unmediated -- volume  |k v.48:no.1-2  |l 1991/92  |m A14820544330 
952 f f |p serial  |a Texas A&M University  |b College Station  |c Sterling C. Evans Library  |d Evans: Library Stacks  |t 0  |e PB5 .C36  |h Library of Congress classification  |i unmediated -- volume  |k v.49:no.3-4  |l 1993:Apr.-June  |m A14827271205 
952 f f |p serial  |a Texas A&M University  |b College Station  |c Sterling C. Evans Library  |d Evans: Library Stacks  |t 0  |e PB5 .C36  |h Library of Congress classification  |i unmediated -- volume  |k v.46:no.3-4  |l 1990:Mar.-May  |m A14819574754 
952 f f |p serial  |a Texas A&M University  |b College Station  |c Sterling C. Evans Library  |d Evans: Library Stacks  |t 0  |e PB5 .C36  |h Library of Congress classification  |i unmediated -- volume  |k v.50:no.1-3  |l 1993:Oct.-1994:Apr.  |m A14827271124 
952 f f |p serial  |a Texas A&M University  |b College Station  |c Sterling C. Evans Library  |d Evans: Library Stacks  |t 0  |e PB5 .C36  |h Library of Congress classification  |i unmediated -- volume  |k v.46:no.1-2  |l 1989:Oct.-1990:Jan.  |m A14819574990 
952 f f |p serial  |a Texas A&M University  |b College Station  |c Sterling C. Evans Library  |d Evans: Library Stacks  |t 0  |e PB5 .C36  |h Library of Congress classification  |i unmediated -- volume  |k v.47:no.3  |l 1991:Apr.  |m A14828768899 
998 f f |a PB5 .C36  |s v.50:no.1-3 (1994)  |t 0  |l Evans: Library Stacks